| 000 | 01093nam a22002777a 4500 | ||
|---|---|---|---|
| 005 | 2011060304584.0 | ||
| 008 | 110603t xxu||||| |||| 00| 0 eng d | ||
| 010 | _aENG-102392 | ||
| 020 |
_a9789350247877 _c325.00 |
||
| 035 | _aEN-85925 | ||
| 037 | _bDBAD/PUB | ||
| 040 |
_aDPL _bEng |
||
| 082 | _a658.800954 | ||
| 100 |
_aKrishnamoorthy, R. _928359 |
||
| 245 |
_aIntroduction to rural marketing / _cby R. Krishnamoorthy |
||
| 250 | _a3rd rev. & enl. ed | ||
| 260 |
_aMumbai _bHimalaya Publishing House _c2011 |
||
| 270 |
_a"Ramdoot", Dr. Bhalerao Marg, Girgaon _bMumbai _e400004 _k022-23860170/23863863 |
||
| 300 |
_a417p. : _c25 cm (pbk) _bill. |
||
| 500 | _aIncludes bibliographical references | ||
| 650 | _928360 | ||
| 700 | _928362 | ||
| 942 |
_2ddc _cEN _mKRI _h658.800954 |
||
| 999 |
_c52715 _d52715 |
||